| 000 -LEADER |
| fixed length control field |
00929nam a22002297a 4500 |
| 008 - FIXED-LENGTH DATA ELEMENTS--GENERAL INFORMATION |
| fixed length control field |
131011b xxu||||| |||| 00| 0 alb d |
| 020 ## - INTERNATIONAL STANDARD BOOK NUMBER |
| International Standard Book Number |
9789951062664 |
| 041 0# - LANGUAGE CODE |
| Language code of text/sound track or separate title |
alb |
| 080 ## - UNIVERSAL DECIMAL CLASSIFICATION NUMBER |
| Universal Decimal Classification number |
272-732.2-725 |
| Common auxiliary subdivision |
(=18'456.31) (092) |
| 100 1# - Rafti |
| Rafti |
Zenelaj, Eqrem |
| 100 1# - Rafti |
| -- |
1956- |
| 245 ## - TITLE STATEMENT |
| Title |
Gjenealogjia e familjes shqiptare Albani nga Urbino dhe Bergamo e Italisë - Papës Clementi XI Albani (Pontifex. Maximus) / |
| Statement of responsibility, etc |
Eqrem Zenelaj. |
| 260 ## - |
| -- |
Prishtinë : |
| -- |
Faik Konica ; |
| -- |
2009 |
| 300 ## - |
| -- |
306 f. : |
| -- |
me il. ; |
| -- |
24 cm. |
| 500 ## - |
| -- |
Titulli dhe teksti paralel në gjuhën italiane dhe dialektin arbëresh |
| 500 ## - |
| -- |
Parathënie f. : 11 |
| 500 ## - |
| -- |
Në kopertinën e paluar të dhënat për autorin |
| 505 ## - |
| -- |
Literatura e konsultuar : f. 177-183 |
| 600 14 - |
| -- |
Klementi |
| -- |
XI |
| -- |
Papa |
| -- |
1649-1721 |
| -- |
Gjon Françesk Albani |
| -- |
Biografi |
| 650 #0 - |
| -- |
Persekutimi (Fe) |
| 650 #0 - |
| -- |
Arbëreshët-Itali |
| -- |
Gjenealogjia |
| 942 ## - ADDED ENTRY ELEMENTS (KOHA) |
| Source of classification or shelving scheme |
|
| Item type |
Books |